000 00997nas a2200301 4500
001 BR2013003190
003 BR-BrBNA
005 20231205122348.0
007 ta
008 230509b bl.|||p| |||| 00| 00por d
040 _aBR-BrBNA
_bpor
_cBiblioteca Nacional de Agricultura
041 _a(Pt)
072 _aQ04; Q05
100 1 _aCampos, D.C.P.
100 1 _aAntoniassi, R.
100 1 _aDeliza, R.
100 1 _aFreitas, S.C. de
100 1 _aFelberg, I.
245 1 _aMolho cremoso à base de extrato de soja: estabilidade, propriedades reológicas, valor nutricional e aceitabilidade do consumidor
650 _aANÁLISE FÍSICA
650 _aREOLOGIA
650 _aANÁLISE ORGANOLÉPTICA
650 _aVALOR NUTRITIVO
773 0 _tCiência e Tecnologia de Alimentos (Brazil)
_xISSN 1678-457X
_g(Oct-Dec 2009), V. 29(4) p. 919-926
_wBR2013003190
856 4 0 _uhttp://www.scielo.br/pdf/cta/v29n4/33.pdf
909 _a202311
_bLúcia
_c55
_dLúcia Elande
942 _2AGRIS
_n0
_cANA
999 _c228264
_d228264